Condor Airlines Bases - Statistiken

Allgemein
  • Dieses Quiz wurde 100 mal gespielt
  • Das Durchschnittsergebnis liegt bei 8 aus 10
Antwortstatistiken
Hint Antwort % Korrekt
Deutschland Frankfurt
99%
Deutschland Hamburg
97%
Deutschland München
93%
Österreich Wien
93%
Schweiz Zürich
93%
Deutschland Düsseldorf
91%
Deutschland Stuttgart
82%
Deutschland Köln/Bonn
79%
Deutschland Leipzig/Halle
76%
Deutschland Berlin-Brandenburg
17%
Keine übereinstimmenden Quizze gefunden
Verteilung der Resultate
Anzahl Personen mit jedem Resultat
Perzentil nach korrekt beantworteten Fragen
Ihre Resultats-Entwicklung
Sie haben dieses Quiz noch nicht gespielt